000
00277nam a22001097a 4500
008
170116b xxu||||| |||| 00| 0 eng d
020
_a
0397546416
041
_a
eng
080
_2
6TH
_a
618.2
245
_a
TEXTBOOK OF MEDICAL-SURGICAL NURSING
_c
BRUNNER & SUDDARTH
942
_2
udc
_c
BK
999
_c
2936
_d
2936